000
00292nam a2200109Ia 4500
008
171211s9999 xx 000 0 und d
245
_a
Hardboiled Web Design
245
_c
Andy Clarke
260
_c
2010
650
_x
Web Development
856
_u
http://down.ebook777.com/013/9781907828003.pdf
999
_c
350075
_d
350075